| 000 | 00636cam a22002413 4500 | ||
|---|---|---|---|
| 001 | 17142402 | ||
| 005 | 20180116034921.0 | ||
| 008 | 120131s1960 enk b 000 0 eng | ||
| 010 | _a 62000023 | ||
| 015 | _aGB60-13503 | ||
| 040 |
_aDLC _cDLC |
||
| 041 | _aeng | ||
| 080 | _a135 | ||
| 082 | _2135 STE | ||
| 100 | 1 | _a24 | |
| 101 | _aFIL | ||
| 245 | 1 | 0 | _aWittgenstein's Tractatus; |
| 504 | _aBibliography: p. 229-230. | ||
| 906 |
_a0 _bcbc _cpremver _du _encip _f19 _gy-gencatlg |
||
| 942 |
_2ddc _cBK |
||
| 999 |
_c40335 _d40335 |
||